Los Futuros parques naturales de carácter provincial del Berguedá / por Francesc Gurri i Serra
Publicado:
San Jorge, núm. 79 - 80 (3r i 4rt trimestre 1970), pàg 40 - 47 :
MARC
| LEADER | 00000nam a2200000Ia 4500 | ||
|---|---|---|---|
| 001 | |||
| 008 | 160829s9999 xx 000 0 cat d | ||
| 100 | |a Gurri i Serra, Francesc |9 49010 | ||
| 245 | |a Los Futuros parques naturales de carácter provincial del Berguedá / por Francesc Gurri i Serra | ||
| 260 | |a San Jorge, núm. 79 - 80 (3r i 4rt trimestre 1970), pàg 40 - 47 | ||
| 650 | |a Espais naturals |x Berguedà |9 40680 | ||
| 650 | 0 | |a Natura |x Protecció |9 40664 | |
| 901 | |a Arxiu | ||
| 942 | |n 1 | ||
| 952 | |0 0 |1 0 |4 0 |7 1 |9 49851 |a Arxiu |b Arxiu |d 2016-12-01 |l 0 |r 2016-12-01 00:00:00 |w 2016-12-01 |y ARXIU | ||
| 999 | |c 53693 |d 53693 | ||